[Event "29th CRO-chT Junior 2020"]
[Site "Cakovec"]
[Date "2020.07.17"]
[Round "7.6"]
[White "Cvitan, Ena"]
[Black "Karlusic, Luka"]
[Result "1/2-1/2"]
[WhiteElo "2258"]
[BlackElo "2169"]
[Annotator "TA"]
[PlyCount "82"]
[EventDate "2020.07.14"]
[EventType "team-tourn"]
[EventCountry "CRO"]
[SourceTitle "playchess.com"]
[Source "ChessBase"]
[SourceQuality "1"]

{[%evp 14,82,23,4,19,7,12,5,8,2,29,28,23,10,45,34,54,0,0,-6,23,12,34,48,56,6,38,0,140,127,135,131,135,103,87,33,76,18,74,11,128,119,177,161,162,131,188,200,272,224,237,202,213,157,160,71,216,155,154,88,65,62,66,-318,-326,-327,-345,-1010,-1007,-1053,-76]} 1. d4 d5 2. c4 e6 3. Nc3 Nf6 4. cxd5 exd5 5. Bg5 Be7 6. e3 O-O 7. Bd3 c6 8. Nge2 Nbd7 {D35: Queen's Gambit Declined: Exchange Variation.} 9. f3 h6 10. Bh4 Re8 {The position is equal.} 11. O-O Bd6 {[#]} 12. Bf2 $146 ({Predecessor:} 12. e4 dxe4 13. fxe4 Be7 14. e5 Ng4 15. Qb3 Rf8 16. Bxe7 Qxe7 17. h3 Ne3 18. Rf3 {1-0 (26) Graf,A (2595)-Johnen,F (1919) Dresden 2007}) 12... a6 13. Rc1 c5 14. Bb1 cxd4 15. exd4 ({White should play} 15. Qxd4 $14 Be5 16. Qd2) 15... Nb6 $11 16. Qd3 g6 17. Qd2 Kh7 18. b3 Be6 19. Bh4 Kg7 20. h3 g5 (20... Rc8 $11) 21. Bg3 $16 Bxg3 22. Nxg3 Qd6 23. f4 g4 24. h4 (24. hxg4 $16 Nxg4 25. Rf3) 24... Rad8 25. Rcd1 (25. Rfe1 $16) 25... Bc8 (25... Bd7 $11 {remains equal.}) 26. Rfe1 (26. Nce2 $16) 26... Re7 {[#]} (26... Rxe1+ $1 $11 {keeps the balance.} 27. Rxe1 Qb4) 27. Re5 $1 Rde8 (27... Ree8 $16 28. Rde1 Bd7) 28. Qd3 Kf8 29. Rde1 Be6 (29... Bd7 $16 {is a better defense.} 30. Qd2 Ng8) 30. Qd2 $18 Kg7 31. Qe3 Nc8 32. Na4 {Strongly threatening Nc5.} b6 33. Qd3 {Nh5+ is the strong threat.} Kf8 34. Qxa6 ({Better is} 34. Qd2 {aiming for f5.} Kg7 35. Kh2) 34... Ng8 (34... Qb4 $16) 35. Nc3 f6 36. Rf1 (36. R5e2 $142) 36... Qb4 $16 37. Re3 Qxd4 38. Rfe1 $2 {[%mdl 8192] [#]} (38. Qd3 $14 Qb4 39. Re2) 38... Bd7 $1 $19 39. Qa3 {And now Kh2 would win.} Kf7 40. Nb5 $2 (40. Be4 dxe4 41. Nf1) 40... Bxb5 ({Less strong is} 40... Rxe3 41. Nxd4 Rxe1+ 42. Kh2 $17) 41. Nf5 Qc5 $2 {Accuracy: White = 48%, Black = 58%.} (41... Rxe3 $19 {has better winning chances.} 42. Nxd4 Rxe1+ 43. Kh2 Rxb1) 1/2-1/2

[Event "29th CRO-chT Junior 2020"]
[Site "Cakovec"]
[Date "2020.07.17"]
[Round "7.7"]
[White "Cigrovski, Jakov"]
[Black "Ghersinich, Enrico"]
[Result "1-0"]
[WhiteElo "2010"]
[BlackElo "2299"]
[Annotator "TA"]
[PlyCount "121"]
[EventDate "2020.07.14"]
[EventType "team-tourn"]
[EventCountry "CRO"]
[SourceTitle "playchess.com"]
[Source "ChessBase"]
[SourceQuality "1"]

{[%evp 9,120,0,0,0,5,6,7,-22,-20,-27,-14,-27,0,-17,0,-46,-46,-103,-102,-99,-75,-87,-85,-68,-72,-86,-68,-75,-76,-226,-46,-88,55,0,27,31,30,31,27,23,200,208,197,198,230,250,342,343,329,337,323,304,291,272,275,272,326,240,265,153,162,166,180,175,153,147,170,179,158,29,149,20,216,197,321,319,333,333,790,791,754,749,1037,1026,991,972,989,972,1210,1210,12839,12839,12840,12840,12840,12839,12840,12841,12847,12847,12848,12848,12849,12848,29988,29989,29990,29991,29997,29997,29998,29999,29999]} 1. Nf3 d5 2. g3 g6 3. Bg2 Bg7 4. c4 d4 5. d3 Nf6 6. O-O {A09: Réti Opening: 1 Nf3 d5 2 c4.} O-O 7. b4 a5 8. bxa5 {The position is equal.} Nc6 9. Nbd2 Rxa5 10. Nb3 Rh5 {[#]} 11. Bb2 $146 {[%cal Rb3d4]} ({Predecessor:} 11. a4 Bh3 12. Bxh3 Rxh3 13. Kg2 Qc8 14. Ng1 Rh5 15. a5 Nb4 16. f3 c5 17. Bf4 {1-0 (53) Mertanen,J (2369)-Satonen,A (2166) Finland 2012}) 11... e5 12. Re1 Bh3 13. Bh1 (13. Ba3 $15) 13... Ng4 $36 {[%mdl 2048] Black is in control.} 14. Ba3 Bh6 {And now ...Nxf2! would win.} 15. Bc1 ({Wrong is} 15. Bxf8 $2 Nxf2 16. Bxh6 Nxd1 $19) 15... f5 16. Bxh6 Rxh6 17. Qc1 Rh5 18. c5 Qf6 19. Rb1 (19. Nbd2 $17 {is a better defense.}) 19... Kh8 $2 (19... e4 $1 $19 20. Qc4+ Kh8 21. Nbxd4 exf3 22. Nxc6 bxc6 23. Bxf3 f4) 20. Nbd2 Re8 (20... e4 $17 21. dxe4 f4) 21. Qc2 (21. Rxb7 $14 Re7 22. Qb1) 21... e4 (21... Nd8 {looks sharper.} 22. Rec1 Qe6 23. Qc4 Qc8 24. Qb5 c6) 22. dxe4 fxe4 23. Nxe4 Qf5 24. Rxb7 ({Don't go for} 24. Nh4 $2 Rxh4 $1 {[%mdl 512]} 25. f4 Nf6 $19) 24... Qxe4 $2 (24... Rxe4 $11 {and Black has nothing to worry.} 25. Rxc7 Nd8) 25. Qxe4 $18 Rxe4 {[#]} 26. Ng5 $1 {[%cal Rg5e4][%mdl 576] Discovered Attack} Rxg5 27. Bxe4 Ne7 28. Rxc7 Re5 29. Bd3 Nf6 30. Rb1 Nfd5 31. Rb8+ Kg7 32. Ra7 Kf6 33. Rf8+ Kg7 34. Rd8 ({Only move:} 34. Re8 $1 $18) 34... Nb4 $16 35. f4 $1 {[%cal Rf4e5]} Rxc5 {( -> ...Rc1+)} 36. Rxd4 ({Weaker is} 36. Rxe7+ Kf6 $17) 36... Nbc6 37. Re4 Rc1+ 38. Kf2 Kf6 {[#]} 39. Rb7 (39. Ra6 $1 $16) 39... Rf1+ $1 $11 40. Ke3 {Threatens to win with Ra4.} Bg2 $2 {[#]} (40... Rd1 $1 $11 {and Black stays safe.} 41. Rb1 Rxb1 42. Bxb1 Bf5) 41. Ra4 $1 $18 h5 (41... Rh1 $142 42. h4 Bd5) 42. Rb1 Nd5+ 43. Kd2 Rf2 $2 (43... Rxb1 44. Bxb1 Nde7) 44. Ra6 Nc7 45. Ke3 Rf1 {[#]} 46. Rxc6+ $1 {[%mdl 576] Deflection} Bxc6 47. Rxf1 {[%mdl 4096] Endgame KRB-KBN} Nd5+ 48. Kd2 Nb4 49. Rb1 Nxd3 50. exd3 {KR-KB} Kf5 51. Ke3 Kg4 52. Rb2 Kh3 53. d4 Bg2 {[#]} 54. Rxg2 $1 {[%mdl 64] Promotion} Kxg2 {KP-KP} 55. d5 {Intending d6 and mate.} Kxh2 56. d6 {White threatens d7 and mate.} Kxg3 57. d7 {White mates.} h4 58. d8=Q h3 59. Qg5+ Kh2 60. Kf2 {[%csl Gf2][%cal Rg5g1]} Kh1 61. Qg1# {Accuracy: White = 72%, Black = 50%.} 1-0

[Event "29th CRO-chT Junior 2020"]
[Site "Cakovec"]
[Date "2020.07.17"]
[Round "7.8"]
[White "Dabic, Stjepan"]
[Black "Novosel, Lovro"]
[Result "1-0"]
[WhiteElo "2120"]
[BlackElo "1719"]
[Annotator "TA"]
[PlyCount "77"]
[EventDate "2020.07.14"]
[EventType "team-tourn"]
[EventCountry "CRO"]
[SourceTitle "playchess.com"]
[Source "ChessBase"]
[SourceQuality "1"]

{[%evp 15,77,79,74,23,46,50,74,31,75,71,80,69,97,93,70,79,124,113,139,104,139,91,96,103,87,87,299,253,572,600,604,633,600,665,595,662,654,652,635,631,651,632,783,715,695,704,761,758,753,750,723,652,882,877,1798,1776,1868,1833,5214,29988,29992,29993,29993,29993]} 1. d4 Nf6 2. c4 c5 3. d5 b5 4. Qc2 d6 5. e4 g6 6. cxb5 a6 7. Nc3 Bg7 8. Nf3 O-O 9. bxa6 {A57: Benko/Volga Gambit.} (9. Bd3 $16) 9... Qb6 {[#]} 10. Be2 $146 ({Predecessor:} 10. Nd2 Bxa6 11. Nc4 Qb7 12. Bg5 h6 13. Bf4 Nbd7 14. Be2 Nb6 15. Qb3 Rfb8 16. Na5 Qd7 17. Nc6 Rb7 18. Na5 {½-½ (18) Osborne,M (2253)-Simons,M (2223) Sunningdale 2007}) 10... Nxa6 11. O-O {White is better.} Bg4 12. Bg5 Rfb8 13. Rfb1 h6 14. Be3 Bxf3 15. Bxf3 Nd7 16. Be2 Kh7 17. Qc1 Rb7 18. b4 {[%cal Bb2b4,Bb4b5,Bb5b6][%mdl 32]} Qd8 19. b5 Nab8 20. a4 $36 {[%mdl 2048] White is really pushing.} Qa5 $2 {Loses the game.} (20... Rba7 $16) 21. Bd2 Qa7 $2 (21... Qb6 22. a5 Rxa5) 22. a5 $18 c4 23. Be3 Nc5 24. b6 Qa6 25. Bxc5 dxc5 26. Ra4 Rd7 27. Bxc4 Qc8 28. Bb5 Rd6 {[#]} 29. b7 $1 Qxb7 30. Bc6 {[%mdl 64] Skewer} Qa6 31. Bxa8 Qxa8 32. Nb5 Rd7 33. Qxc5 Be5 {[#]} 34. a6 $1 f5 (34... Nxa6 35. Qc6) 35. a7 fxe4 36. Rxe4 Rxd5 37. axb8=Q Qa2 38. Qxe7+ {[%mdl 64] Double Attack} Bg7 39. Rbe1 {Accuracy: White = 81%, Black = 37%.} 1-0

[Event "29th CRO-chT Junior 2020"]
[Site "Cakovec"]
[Date "2020.07.17"]
[Round "7.9"]
[White "Levacic, Matej"]
[Black "Alfirevic, Duje"]
[Result "1-0"]
[WhiteElo "2040"]
[BlackElo "2011"]
[Annotator "TA"]
[PlyCount "75"]
[EventDate "2020.07.14"]
[EventType "team-tourn"]
[EventCountry "CRO"]
[SourceTitle "playchess.com"]
[Source "ChessBase"]
[SourceQuality "1"]

{[%evp 11,75,-7,0,-5,20,18,18,20,6,16,17,19,33,33,52,48,83,86,135,116,134,143,132,137,148,142,148,145,187,178,186,184,253,258,253,260,270,263,277,259,291,291,486,498,598,589,692,690,670,674,648,602,662,551,583,554,717,559,1477,1493,29981,29980,29983,29984,29989,29990]} 1. d4 d5 2. c4 c6 3. Nf3 Nf6 4. e3 Bg4 5. Qb3 Qb6 6. Nc3 e6 7. Nh4 {D11: Slav Defence: 3 Nf3 sidelines and 3...Nf6 4 e3 Bg4.} Nbd7 8. h3 Bh5 9. g4 {The position is equal.} Bg6 10. Nxg6 hxg6 11. Bg2 Be7 12. g5 $36 {[%mdl 2048] [#] Qxb6 is the strong threat. White has good play. was the old line (12.Bd2).} Qxb3 13. axb3 {[%cal Ba2b3,Bb3b4,Bb4b5][%mdl 32]} Nh5 14. h4 {[#]} Nb6 $146 ({Predecessor:} 14... a6 15. Bd2 f5 16. gxf6 gxf6 17. cxd5 exd5 18. e4 dxe4 19. Bxe4 f5 20. Bg2 O-O-O {1-0 (49) Kunin,V (2561)-Hilverda,A (2385) Saarbruecken 2015}) 15. c5 Nd7 16. b4 O-O 17. b5 Nb8 18. e4 dxe4 19. Bxe4 e5 20. d5 {[%cal Rd5c6]} (20. dxe5 $6 Bxc5 21. Rh3 a6 $14) 20... f5 21. gxf6 $1 (21. bxc6 $6 bxc6 22. d6 Bxd6 $16) 21... Nxf6 (21... Bxc5 {is a better defense.} 22. fxg7 (22. bxc6 bxc6 23. f7+ Kxf7 $18) 22... Kxg7) 22. bxc6 $18 bxc6 23. d6 ({Weaker is} 23. dxc6 Nxe4 24. Nxe4 Nxc6 $14) ({Not} 23. Bxg6 cxd5 24. h5 Bxc5 $11) 23... Bd8 24. Bg2 e4 25. Be3 Nbd7 26. Nxe4 Rb8 $2 (26... Nd5 27. h5 g5) 27. Nxf6+ {[%mdl 64] [#] Discovered Attack} Bxf6 28. Bxc6 Ne5 29. Bd5+ Kh8 30. h5 {hxg6+ would kill now.} g5 31. O-O Rb4 {intending ...Rg4+.} 32. f3 g4 33. f4 Nd3 34. c6 Bxb2 35. Rad1 Nxf4 36. Rxf4 {White mates.} Rbxf4 37. Bxf4 Rxf4 38. c7 {White took control after the opening. Accuracy: White = 97%, Black = 43%.} 1-0

[Event "29th CRO-chT Junior 2020"]
[Site "Cakovec"]
[Date "2020.07.17"]
[Round "7.10"]
[White "Dumancic, Simun"]
[Black "Ljubicic, Mario"]
[Result "1/2-1/2"]
[WhiteElo "1896"]
[BlackElo "1966"]
[Annotator "TA"]
[PlyCount "145"]
[EventDate "2020.07.14"]
[EventType "team-tourn"]
[EventCountry "CRO"]
[SourceTitle "playchess.com"]
[Source "ChessBase"]
[SourceQuality "1"]

{[%evp 10,145,39,31,37,36,57,48,54,7,23,18,10,20,21,9,10,0,45,0,58,12,8,27,25,8,25,3,10,0,0,0,0,0,0,0,0,0,0,0,0,0,27,16,18,13,29,0,0,0,219,0,0,0,0,0,0,0,0,0,63,54,45,59,106,0,0,0,0,0,0,0,0,0,0,0,8,8,8,0,0,0,0,0,0,0,0,0,0,0,0,0,18,0,0,0,0,-8,-8,-8,-8,-8,-8,-8,-8,-8,-8,-8,-8,-8,-8,-8,-8,-8,0,-8,0,-8,-8,-29978,-29979,-29979,-29980,-29980,-29981,-29982,-29983,-29983,-29984,-29983,-8,-8,-8,-8,-8,-8,-8,-8]} 1. e4 e5 2. Nf3 Nc6 3. Bc4 Nf6 4. d4 exd4 5. O-O d6 6. Nxd4 Nxd4 {C56: Two Knights: 4 d4 exd4 5 0-0 Nxe4.} 7. Qxd4 Be6 8. Bxe6 fxe6 {White is slightly better.} 9. e5 dxe5 $1 10. Qxe5 Qd5 11. Qe2 O-O-O 12. Nc3 Qf5 13. Be3 Bd6 14. h3 {[#]} g5 $146 (14... a6 $11) ({Predecessor:} 14... a6 15. Rfe1 e5 16. Rad1 e4 17. Qc4 Qe5 18. Kf1 Rhe8 19. Bd4 Qh2 20. Bxf6 gxf6 21. Rxe4 {1-0 (43) Sviridov,M (2167)-Malyshev,S (2235) Prokopevsk 2012}) 15. Nb5 {White wants to play Rad1.} a6 16. Nxd6+ Rxd6 17. Rad1 Rhd8 18. Rxd6 Rxd6 19. Rd1 Nd5 20. Qh5 Nf6 21. Qe2 Rxd1+ 22. Qxd1 g4 23. hxg4 Nxg4 24. Qd4 e5 25. Qd5 Nf6 26. Qf7 b6 27. a4 a5 28. Qc4 Kb7 29. Qf7 h5 $2 (29... Kc8 $11 {and Black is okay.}) 30. Qc4 $2 (30. Bh6 $1 $18) 30... e4 31. c3 Ng4 32. Qd4 h4 33. b4 axb4 34. cxb4 h3 (34... Nxe3 $11 35. fxe3 Qg4) 35. gxh3 $14 Ne5 {aiming for ...Nf3+.} 36. Qd5+ Ka7 37. Qd8 (37. Kg2 $1 $16) 37... Nf3+ $11 38. Kf1 Qe5 39. Qd1 Qc3 40. a5 Qc4+ 41. Kg2 Qg8+ 42. Kf1 Qg7 43. axb6+ cxb6 44. b5 {Black must now prevent Qa4+.} Nh2+ 45. Ke2 {White threatens Qa4+ and mate.} Qb2+ {[%mdl 64] Double Attack} 46. Qd2 Qxb5+ 47. Kd1 Qa4+ 48. Qc2 Qa1+ 49. Qc1 Qa4+ 50. Qc2 Qd7+ 51. Qd2 Qe6 52. Qa5+ Kb7 53. Qxb6+ (53. Qb5 {seems wilder.} Nf3 54. Kc1 Nh4 55. Kc2 Ng2 56. Qa4) 53... Qxb6 54. Bxb6 Kxb6 {[%mdl 4096] Endgame KN-KPP} 55. Ke2 Kc5 {Threatens to win with ...Nf3.} (55... Kc6 $5 56. h4 $8 Kd5 $11) 56. h4 $1 Kd4 (56... Kd5 $5) 57. h5 {h6 is the strong threat.} Nf3 58. h6 {Hoping for h7.} Ng5 59. Kd2 Nh7 (59... Nf7 $5 60. h7 $8 Kd5 $11) 60. Ke2 Nf6 61. Kd2 Nh7 62. Ke2 Nf6 63. Kd2 Ke5 {[#]} 64. Ke3 $2 {[%mdl 8192]} (64. f3 $1 $11 {[%mdl 512]}) 64... Nd5+ $1 65. Kd2 Kf6 $1 66. Kc2 Kg6 67. Kb3 Kxh6 {KN-KP} 68. Kc4 {[#]} Nf6 $1 69. Kd4 {[#]} Kg5 $2 (69... Kh5 $1 {mates} 70. Ke3 Kg4 71. Ke2 Kf4 72. Ke1 Kf3 73. Kf1 Ng4 74. Ke1 Nxf2 75. Kd2 e3+ 76. Kc2 e2 77. Kd2 Ne4+ 78. Ke1 Nd6 79. Kd2 Kf2 80. Kc3 e1=Q+ 81. Kc2 Qb4 82. Kd3 Qc5 83. Kd2 Qc4 84. Kd1 Ke3 85. Ke1 Qe2#) 70. Ke5 {The position is equal.} Kg6 {( -> ...Kg5)} 71. Kf4 Kh5 72. f3 exf3 73. Kxf3 {Accuracy: White = 82%, Black = 88%.} 1/2-1/2

[Event "29th CRO-chT Junior 2020"]
[Site "Cakovec"]
[Date "2020.07.17"]
[Round "7.11"]
[White "Mijic, Karlo"]
[Black "Sagovac, Kristijan"]
[Result "0-1"]
[WhiteElo "1729"]
[BlackElo "1839"]
[Annotator "NA RC"]
[PlyCount "68"]
[EventDate "2020.07.14"]
[EventType "team-tourn"]
[EventCountry "CRO"]
[SourceTitle "playchess.com"]
[Source "ChessBase"]
[SourceQuality "1"]
[TimeControl "5400+30"]

{[%evp 24,68,4,-16,-2,-9,25,0,8,-13,-17,-21,0,-52,-22,-35,-29,-68,-43,-68,-43,-243,-273,-240,-20,-14,-11,-21,-20,-189,-70,-119,-58,-68,-17,-366,26,-1338,-1287,-29994,-29995,-29995,-29996,-29996,-804,-29997,-29998]} 1. e4 {[%emt 0:00:30]} c5 {[%emt 0:00:30]} 2. Nf3 {[%emt 0:00:00]} Nc6 {[%emt 0:00:00]} 3. d4 {[%emt 0:00:00]} cxd4 {[%emt 0:00:00]} 4. Nxd4 {[%emt 0:00:00]} Nf6 {[%emt 0:00:00]} 5. Nc3 {[%emt 0:00:00]} e5 {[%emt 0:00:00]} 6. Ndb5 {[%emt 0:00:30]} d6 {[%emt 0:00:00]} 7. Bg5 {[%emt 0:00:30]} a6 {[%emt 0:00:00]} 8. Na3 {[%emt 0:00:00]} b5 {[%emt 0:00:00]} 9. Nd5 {[%emt 0:00:00]} Be7 {[%emt 0:00:00]} 10. Bxf6 {[%emt 0:00:00]} Bxf6 {[%emt 0:00:00]} 11. c4 {[%emt 0:00:00]} b4 {[%emt 0:00:00]} 12. Nc2 {[%emt 0:00:30]} a5 {[%emt 0:00:30]} 13. Nce3 {[%emt 0:00:30] B33: Sicilian: Pelikan and Sveshnikov Variations.} O-O {[%emt 0:00:30] [#]} 14. h4 $146 {[%emt 0:00:30]} ({Predecessor:} 14. Bd3 Bg5 15. Qh5 g6 16. Qd1 Be6 17. O-O Nd4 18. a3 bxa3 19. Rxa3 Rb8 20. b3 Qc8 21. Rxa5 Nxb3 {½-½ (32) Bartsch,C (1886)-Soreghy,J (1763) LSS email 2012}) 14... Bb7 {[%emt 0:03:30]} ({Don't go for} 14... Bxh4 $2 15. Qh5 $18) 15. g3 {[%emt 0:00:30]} Nd4 {[%emt 0:02:30]} 16. Bh3 {[%emt 0:00:00]} g6 {[%emt 0:02:30]} 17. Kf1 {[%emt 0:04:00]} Bg7 {[%emt 0:00:30]} 18. Kg2 {[%emt 0:00:00]} Ra7 {[%emt 0:11:30]} 19. Qd3 {[%emt 0:01:00]} Bc6 {[%emt 0:09:30]} 20. Rad1 {[%emt 0:01:30] [#]} f5 $1 {[%emt 0:06:30]} 21. exf5 {[%emt 0:00:30]} Raf7 {[%emt 0:00:00]} 22. f6 $2 {[%emt 0:04:30]} (22. Rhf1 $15 gxf5 23. f4) 22... Qxf6 $1 {[%emt 0:05:00]} 23. Rhf1 {[%emt 0:03:30]} Qd8 $2 {[%emt 0:02:30]} (23... Qf3+ $19 24. Kg1 e4) 24. Nc2 {[%emt 0:06:30]} Nf5 {[%emt 0:16:30]} 25. Kg1 {[%emt 0:02:30]} Kh8 {[%emt 0:00:30]} 26. Nde3 $2 {[%emt 0:02:30] [#]} (26. Bg2 $11 {and White stays safe.}) 26... Bf3 {[%emt 0:06:30]} (26... Nxh4 $1 $19 {[%mdl 512]} 27. Ne1 (27. gxh4 Qxh4) 27... Qg5) 27. Rd2 {[%emt 0:02:30] [#]} ({White should try} 27. Nxf5 $15 e4 28. Qxd6 Bxd1 29. Rxd1 Qxd6 30. Nxd6 Rxf2 31. Ne3) 27... e4 {[%emt 0:02:30]} (27... Nxh4 $1 $17 28. gxh4 Qxh4) 28. Qd5 {[%emt 0:14:30]} Be5 {[%emt 0:01:30]} (28... Bxb2 $17 29. Nxf5 gxf5 30. Qxd6 Qxd6 31. Rxd6 Be2) 29. Bg2 $2 {[%emt 0:01:30]} (29. c5 $1 $11) 29... Nxh4 $2 {[%emt 0:01:30]} ({Worse is} 29... Bxb2 30. Bxf3 exf3 31. Nxf5 $11) (29... Bxg2 $19 30. Nxg2 Qb6) 30. gxh4 $2 {[%emt 0:00:00]} (30. Qxe5+ $11 dxe5 31. Rxd8 Rxd8 32. gxh4) 30... Qxh4 {[%emt 0:00:30]} 31. Re1 {[%emt 0:04:00]} Bh2+ {[%emt 0:01:30]} 32. Kh1 {[%emt 0:01:30]} Bg3+ {[%emt 0:01:30] Discovered Attack} 33. Kg1 {[%emt 0:00:30]} Qh2+ {[%emt 0:00:00]} 34. Kf1 {[%emt 0:00:30]} Bxg2+ {[%emt 0:00:00]} 0-1

[Event "29th CRO-chT Junior 2020"]
[Site "Cakovec"]
[Date "2020.07.17"]
[Round "7.12"]
[White "Martic, Filip"]
[Black "Jaksic, Josip"]
[Result "1-0"]
[WhiteElo "1656"]
[BlackElo "1616"]
[Annotator "NA RC"]
[PlyCount "25"]
[EventDate "2020.07.14"]
[EventType "team-tourn"]
[EventCountry "CRO"]
[SourceTitle "playchess.com"]
[Source "ChessBase"]
[SourceQuality "1"]
[TimeControl "5400+30"]

1. d4 {[%emt 0:00:30]} Nf6 {[%emt 0:00:30]} 2. Nf3 {[%emt 0:00:00]} d5 {[%emt 0:00:00]} 3. c4 {[%emt 0:00:00]} e6 {[%emt 0:00:00]} 4. Nc3 {[%emt 0:00:30]} Be7 {[%emt 0:00:30]} 5. Bf4 {[%emt 0:02:30]} O-O {[%emt 0:00:30]} 6. e3 {[%emt 0:00:30]} b6 {[%emt 0:00:30]} 7. cxd5 {[%emt 0:00:30]} Nxd5 {[%emt 0:00:00]} 8. Nxd5 {[%emt 0:00:30]} Qxd5 {[%emt 0:00:00]} 9. Bd3 {[%emt 0:03:30]} c5 {[%emt 0:05:30]} 10. Qc2 {[%emt 0:07:30]} h6 {[%emt 0:00:30]} 11. Be4 {[%emt 0:00:30]} Qd7 {[%emt 0:08:30]} 12. Bxa8 {[%emt 0:00:30]} Ba6 {[%emt 0:05:30]} 13. O-O-O {[%emt 0:03:30]} 1-0

[Event "29th CRO-chT Junior 2020"]
[Site "Cakovec"]
[Date "2020.07.17"]
[Round "7.13"]
[White "Tomulic, Teo"]
[Black "Sos, Fran"]
[Result "1-0"]
[WhiteElo "2359"]
[BlackElo "2024"]
[Annotator "TA"]
[PlyCount "29"]
[EventDate "2020.07.14"]
[EventType "team-tourn"]
[EventCountry "CRO"]
[SourceTitle "playchess.com"]
[Source "ChessBase"]
[SourceQuality "1"]

{[%evp 15,29,60,202,194,193,195,303,296,528,529,537,535,517,526,518,525]} 1. e4 c5 2. Nf3 d6 3. Bc4 Nf6 4. Nc3 Nc6 5. d4 cxd4 6. Nxd4 g6 7. Nxc6 bxc6 8. e5 d5 (8... Ng4 $14) 9. exf6 $18 {[%cal Rc3d5] Hoping for Nxd5. B57: Classical Sicilian: Sozin with 6...Qb6.} dxc4 {[#]} 10. Qf3 $1 exf6 (10... Qb6 {keeps fighting.} 11. O-O Bf5) 11. O-O {[#] White has a decisive advantage.} ({Less strong is} 11. Qxc6+ Bd7 $16) 11... Bg7 $146 (11... Be7 {is a better defense.} 12. Bh6 (12. Qxc6+ Bd7 $16) 12... Qb6) ({Predecessor:} 11... Be7 12. Bh6 Qc7 13. Bg7 Rg8 14. Bxf6 Bxf6 15. Qxf6 Be6 16. Rfe1 Qe7 17. Ne4 Rf8 18. Qd4 Qc7 19. Rad1 Rd8 20. Qc5 {1-0 (20) Tuma,J (2201)-Bombek,P (2213) Frydek Mistek 2010}) 12. Qxc6+ {White is clearly winning.} Bd7 13. Re1+ Kf8 14. Qd6+ Kg8 15. Rd1 {White took control after the opening.} 1-0

[Event "29th CRO-chT Junior 2020"]
[Site "Cakovec"]
[Date "2020.07.17"]
[Round "7.14"]
[White "Kanizaj, Benjamin"]
[Black "Radenic, Filip"]
[Result "1-0"]
[WhiteElo "1968"]
[BlackElo "2134"]
[Annotator "TA"]
[PlyCount "81"]
[EventDate "2020.07.14"]
[EventType "team-tourn"]
[EventCountry "CRO"]
[SourceTitle "playchess.com"]
[Source "ChessBase"]
[SourceQuality "1"]

{[%evp 20,81,32,8,23,10,0,0,0,-4,0,0,28,0,25,18,17,12,22,16,20,4,14,0,15,4,18,16,22,2,12,0,110,108,113,109,116,116,116,116,101,101,105,100,99,87,138,94,108,108,112,112,406,440,572,466,706,387,387,270,337,339,556,508]} 1. e4 e6 2. d4 d5 3. Nd2 c5 4. exd5 Qxd5 5. Ngf3 cxd4 6. Bc4 Qd6 7. O-O Nf6 8. Nb3 Nc6 9. Nbxd4 Nxd4 10. Nxd4 Bd7 11. Re1 Qc7 {C07: French Tarrasch: 3...c5, 4 Ngf3 and 4 exd5 Qxd5.} 12. Bf1 {[#]} (12. b3 {seems wilder.} Bd6 13. h3 O-O 14. Bb2 Bb4 15. c3) 12... Bd6 $146 ({Predecessor:} 12... Bc5 13. c3 O-O 14. Bg5 Nd5 15. Qh5 g6 16. Qh4 e5 17. Nf3 f6 18. Bc4 fxg5 19. Bxd5+ {1-0 (32) Kalisky,V (2253)-Szucs,V (2161) Slovakia 2008}) 13. g3 O-O {The position is equal.} 14. Bg5 Be5 15. c3 Nd5 16. Bg2 Bf6 (16... h6 {is more complex.} 17. Bc1 Rfe8 18. Qg4 Nf6 19. Qh4 Nd5) 17. Bxf6 Nxf6 18. Qe2 Rfd8 19. Rad1 Be8 20. c4 Qb6 21. Nb5 Bxb5 22. cxb5 h6 23. a4 Rac8 24. Rxd8+ (24. Bf3 {looks sharper.} Qc7 25. Rxd8+ Rxd8 26. Qe3 b6 27. Rc1) 24... Rxd8 25. Rd1 Nd5 (25... Rxd1+ $11 26. Qxd1 a6) 26. Bxd5 $1 $16 {[%mdl 64] Overworked Piece} exd5 {[#]} 27. Rxd5 $1 {[%mdl 512]} Rxd5 28. Qe8+ Kh7 29. Qe4+ {[%mdl 64] Double Attack} Kg8 30. Qxd5 {[%mdl 4096] Endgame KQ-KQ} Qc7 31. b3 Qe7 32. Kg2 Qc7 (32... g5 $142) 33. Qc4 Qd7 34. a5 Qd8 35. a6 bxa6 $2 {[%mdl 8192] A mistake that costs the game.} (35... b6 $16 36. Qc6 Kf8) 36. bxa6 $18 Qa8+ 37. Kg1 Qf3 (37... Qd8 $142 38. Qc5 Qd7) 38. Qc8+ Kh7 {[#] intending ...Qd1+.} 39. Qb7 $1 Qe2 40. b4 {Hoping for b5.} ({Don't play} 40. Qxa7 Qe1+ 41. Kg2 Qe4+ 42. Kf1 Qd3+ 43. Ke1 Qb1+ 44. Ke2 Qc2+ 45. Kf3 Qd3+ 46. Kf4 Qd2+ 47. Ke5 Qe2+ 48. Kd6 Qe6+ 49. Kc5 Qe5+ 50. Kc4 Qe2+ 51. Kd5 Qe6+ 52. Kd4 Qe2 $18) (40. Qxf7 Qxa6 41. h4 Qd3 $16) 40... h5 $2 (40... f5 {might work better.} 41. b5 (41. Qxa7 Qe1+ 42. Kg2 Qe4+ 43. f3 Qe2+ 44. Qf2 Qxa6 $16) 41... f4) 41. h4 {Accuracy: White = 84%, Black = 54%.} 1-0